000 00571cam a2200157 a 4500
020 _a0819436887
050 0 0 _aRC 271
_b.P43L3
245 0 0 _aLaser use in oncology II :
_bselected research papers on laser use in oncology, 1997-1999 /
_cAndrei V. Ivanov, Mishik A. Kazaryan, editors ; sponsored by SPIE Russia Chapter.
260 _aBellingham, Wash., USA :
_bSPIE,
_cc2000.
300 _a 230 p. :
650 0 _xPhotochemotherapy
_vCongresses.
650 0 _xTherapeutic use
_vCongresses.
700 1 _aIvanov, Andrei V.
700 1 _aKazaryan, Mishik A.
942 _2lcc
_cGEN
999 _c8184
_d8184